[Event "B2 Masters"]
[Site "Marianske Lazne CZE"]
[Date "2011.01.20"]
[Round "7"]
[White "Iwanow,A"]
[Black "Vlasak,Lu"]
[Result "1/2-1/2"]
[WhiteElo "2097"]
[BlackElo "2238"]

1.e4 c5 2.Nf3 e6 3.d4 cxd4 4.Nxd4 a6 5.Bd3 Qb6 6.Nb3 d6 7.Be3 Qc7 8.f4 Nf6
9.Qf3 Be7 10.N1d2 Nbd7 11.O-O-O e5 12.f5 h5 13.Kb1 b6 14.Bg5 Bb7 15.c4 O-O-O
16.Nf1 Nc5 17.Bxf6 Bxf6 18.h4 Kb8 19.Ne3 Rc8 20.g3 Bd8 21.Rh2 Qc6 22.Nxc5 Qxc5
23.Bc2 b5 24.cxb5 axb5 25.Bb3 Bb6 26.Nd5 Bxd5 27.Bxd5 Rc7 28.Bb3 Rhc8 29.Rc2 Qe3  1/2-1/2

[Event "3rd Chennai Open"]
[Site "Chennai IND"]
[Date "2011.01.21"]
[Round "5"]
[White "Chaithanyaa,K"]
[Black "Ramakrishna,J"]
[Result "0-1"]
[WhiteElo "1997"]
[BlackElo "2268"]

1.e4 c5 2.Nf3 e6 3.d4 cxd4 4.Nxd4 a6 5.Bd3 Nf6 6.O-O Qc7 7.Be3 d5 8.Nd2 e5
9.N4f3 d4 10.Bg5 Be7 11.Bxf6 Bxf6 12.c3 dxc3 13.Rc1 Nc6 14.Rxc3 O-O 15.Nc4 Bg4
16.Ne3 Bh5 17.Nd5 Qd8 18.Be2 Bxf3 19.Rxf3 Be7 20.Bc4 Bc5 21.Rg3 b5 22.Qg4 g6
23.Bb3 Nd4 24.Kh1 Nxb3 25.Rxb3 f5 26.Qh3 Bd4 27.Rc1 Rf7 28.Rf3 Rc8 29.Rd1 Bxb2
30.exf5 Qxd5 31.Rfd3 Qc6 32.fxg6 hxg6 33.Qg4 Bd4 34.Rh3 Rcf8 35.Rh6 Kg7 36.Qh4 Qf6
37.Qh3 Bxf2 38.Rf1 e4 39.Rh7+ Kg8 40.Rh6 e3 41.Qg4 Kg7 42.Rh3 Qe5 43.Qe2 Rd8
44.Rf3 Rxf3 45.Qxf3 e2 46.Qb7+ Kh8  0-1

[Event "Marienbad Open"]
[Site "Marianske Lazne CZE"]
[Date "2011.01.21"]
[Round "8"]
[White "Novotny,M1"]
[Black "Simonian,H"]
[Result "1-0"]
[WhiteElo "2275"]
[BlackElo "2475"]

1.e4 c5 2.Nf3 e6 3.d4 cxd4 4.Nxd4 a6 5.Bd3 Bc5 6.Nb3 Be7 7.Qg4 g6 8.Qe2 d6
9.O-O Nc6 10.c4 b6 11.Nc3 Nf6 12.Bh6 Ne5 13.h3 Nh5 14.f4 Ng3 15.Qf2 Nxd3
16.Qxg3 Nc5 17.f5 gxf5 18.exf5 Bb7 19.Nxc5 bxc5 20.Rad1 Kd7 21.fxe6+ fxe6
22.Rf7 Kc6 23.Qg4 Qd7 24.Bg5 Rae8 25.Ne4 h5 26.Qg3 d5 27.Qa3 Kc7 28.Nxc5 Qd6
29.Nxb7  1-0

[Event "TCh-CZE 2010-11"]
[Site "Czech Rep CZE"]
[Date "2011.01.22"]
[Round "6.3"]
[White "Rasik,V"]
[Black "Bernasek,J"]
[Result "1-0"]
[WhiteElo "2502"]
[BlackElo "2490"]

1.e4 c5 2.Nf3 e6 3.d4 cxd4 4.Nxd4 a6 5.Bd3 Bc5 6.Nb3 Be7 7.Qg4 Bf6 8.f4 d6
9.Nc3 Nc6 10.Be3 Nge7 11.O-O-O Qc7 12.e5 dxe5 13.Ne4 exf4 14.Nxf6+ gxf6 15.Bc5 Qe5
16.Qg7 f5 17.Qh6 Ng6 18.Rhe1 Qf6 19.Nd4 e5 20.Nxc6 Qxc6 21.Bd6 e4 22.Bxf4 Be6
23.Bf1 Rc8 24.Rd2 Bxa2 25.Re3 Bc4 26.Bxc4 Qxc4 27.Rc3 e3 28.Rxe3+ Ne7 29.Rxe7+  1-0

[Event "I Antonio Rocha Mem"]
[Site "Campinas BRA"]
[Date "2011.01.24"]
[Round "12.3"]
[White "Saldano Dayer,H"]
[Black "Flores,Di"]
[Result "1-0"]
[WhiteElo "2401"]
[BlackElo "2628"]

1.e4 c5 2.Nf3 e6 3.d4 cxd4 4.Nxd4 a6 5.Bd3 Nf6 6.O-O Qc7 7.Qe2 d6 8.c4 g6
9.Nc3 Bg7 10.Nf3 O-O 11.Bf4 Nfd7 12.Rac1 Nc6 13.Qe3 Nde5 14.Nxe5 dxe5 15.Bh6 Bxh6
16.Qxh6 Qb6 17.b3 Rd8 18.Rfd1 Bd7 19.c5 Qa5 20.Re1 Qa3 21.Nb1 Qxa2 22.Re3 Be8
23.Rh3 Rd4 24.Qxh7+ Kf8 25.Qh6+ Ke7 26.Qg5+ Kd7 27.Nc3 Qa5 28.Ne2 Rb4 29.Bc4 Kc7
30.Rh7 Rd8 31.h4 Kb8 32.Rh8 Ka7 33.Qe3 Nd4 34.Nxd4 exd4 35.Qg5 Qc7 36.c6 b6
37.Bxa6 Kb8 38.Qxd8+ Qxd8 39.c7+ Qxc7 40.Rxe8+  1-0

[Event "3rd Chennai Open"]
[Site "Chennai IND"]
[Date "2011.01.25"]
[Round "10"]
[White "Kravtsiv,M"]
[Black "Oleksienko,M"]
[Result "1-0"]
[WhiteElo "2566"]
[BlackElo "2552"]

1.e4 c5 2.Nf3 e6 3.d4 cxd4 4.Nxd4 a6 5.Bd3 Qc7 6.Nc3 Nf6 7.O-O d6 8.Be3 b5
9.a3 Bb7 10.f4 Nc6 11.Qf3 Be7 12.Rae1 h5 13.h3 h4 14.Nxc6 Bxc6 15.Bd4 Nh5
16.Rf2 Kf8 17.Qe3 Rh6 18.Be2 Ng3 19.Bf3 Rb8 20.Rd2 Ba8 21.Qf2 a5 22.Ba7 Rb7
23.Be3 b4 24.axb4 Rxb4 25.f5 Rf6 26.Bg5 Rxb2 27.Nd1 Rb4 28.Bxh4 Nxe4 29.Bxe4 Rxe4
30.Bxf6 Bxf6 31.Rxe4 Bxe4 32.fxe6 fxe6 33.Qf4 Qc5+ 34.Nf2 d5 35.Kh1 Bxc2
36.Re2 Bf5 37.g4 Be4+ 38.Nxe4 dxe4 39.Qxe4 Qd5 40.Qxd5 exd5 41.Rd2 Ke7 42.Rxd5 Bc3
43.Rc5 Bb4 44.Rc6 Kd7 45.Rg6 Bc3 46.Kg2 Kc7 47.Kf3 Kb7 48.Ke4 a4 49.Kd3 Bb2
50.Kc2 a3 51.Kb3 Kc7 52.h4 Kd7 53.h5 Ke7 54.Ra6 Kf7 55.Kc4 Bc1 56.Kd5 Bb2
57.Ke4 g6 58.hxg6+ Kg7 59.Kf5 Kg8 60.Ra7 Bc1 61.g7 Kh7 62.Kf6  1-0

[Event "3rd Chennai Open"]
[Site "Chennai IND"]
[Date "2011.01.26"]
[Round "11"]
[White "Shiven,K"]
[Black "Stefansson,H"]
[Result "1-0"]
[WhiteElo "2358"]
[BlackElo "2580"]

1.e4 c5 2.Nf3 e6 3.d4 cxd4 4.Nxd4 a6 5.Bd3 Bc5 6.Nb3 Be7 7.Qg4 g6 8.Qe2 d6
9.Nc3 b5 10.a3 Nd7 11.Bd2 Ngf6 12.O-O-O Rb8 13.Bh6 Qb6 14.Kb1 b4 15.axb4 Qxb4
16.Bxa6 Bxa6 17.Qxa6 Nxe4 18.Nxe4 Qxe4 19.f3 Qb7 20.Qxb7 Rxb7 21.Rhe1 Nb6
22.Na5 Rc7 23.Be3 Nd7 24.Bd4 e5 25.Bc3 O-O 26.Bb4 Ra8 27.b3 Nb6 28.Bxd6 Bxd6
29.Rxd6 Rxa5 30.Rxb6 Rca7 31.Re2 Ra1+ 32.Kb2 R1a2+ 33.Kc1 Ra1+ 34.Kd2 R1a2
35.Rc6  1-0

[Event "Belgrade Individual 2011"]
[Site "Belgrade SRB"]
[Date "2011.01.28"]
[Round "7.8"]
[White "Jovanovic,Alek SRB"]
[Black "Andrijevic,M"]
[Result "1/2-1/2"]
[WhiteElo "2201"]
[BlackElo "2342"]

1.e4 c5 2.Nf3 e6 3.d4 cxd4 4.Nxd4 a6 5.Bd3 Nc6 6.Be3 Nf6 7.O-O Qc7 8.Nd2 Ne5
9.Be2 Bc5 10.c3 b5 11.a4 bxa4 12.Rxa4 Bb7 13.f4 Ng6 14.Rc4 d5 15.Rxc5 Qxc5
16.e5 Nd7 17.Nf5 Qc6 18.Nd6+ Kf8 19.Nf3 Kg8 20.Qb3 Rb8 21.Nd4 Qc7 22.Bg4 Nc5
23.Qa3 Bc8 24.c4 dxc4 25.Rc1 h5 26.Bh3 Nb7 27.Rxc4 Qd7 28.Nxf7 Qxf7 29.Rxc8+ Kh7
30.Bxe6 Qe7 31.Rxb8 Rxb8 32.Qd3 Nc5 33.Qf5 Nxe6 34.Qxh5+ Kg8 35.Qxg6 Nxd4
36.Bxd4 Rd8 37.Qb6 Qd7 38.Qb3+ Kh8 39.Be3 Qf5 40.Kf2 g5 41.Qc4 a5 42.Kf3 Rf8
43.g4 Qxe5 44.f5 Qxh2 45.Qd4+ Kg8 46.Qd5+ Rf7 47.Qd8+ Kh7 48.Qxg5 Qh3+ 49.Kf4 Qh2+
50.Kf3 Qh3+ 51.Kf4  1/2-1/2

[Event "Frauenbundesliga 1st Div 2010-11"]
[Site "Germany GER"]
[Date "2011.01.30"]
[Round "7.4"]
[White "Brendel,B"]
[Black "Pfau,B"]
[Result "0-1"]
[WhiteElo "2065"]
[BlackElo "2106"]

1.e4 c5 2.Nf3 e6 3.d4 cxd4 4.Nxd4 a6 5.Bd3 Qc7 6.c4 Nc6 7.Nxc6 bxc6 8.Nc3 Nf6
9.O-O Bc5 10.Na4 Bd4 11.Bg5 Qe5 12.Qd2 Ng4 13.Bf4 Qf6 14.h3 Ne5 15.Be2 Ng6
16.Bd6 Ne7 17.Bxe7 Kxe7 18.c5 a5 19.Rad1 e5 20.Kh1 g5 21.b4 axb4 22.Qxb4 Ba6
23.Bc4 Bxc4 24.Qxc4 h5 25.Nb6 Ra3 26.Rd3 Rxd3 27.Qxd3 g4 28.f4 gxf3 29.Rxf3 Qg5
30.Qf1 Rh7 31.Nc4 f6 32.Rf5 Qg6 33.a4 Rg7 34.Qf3 Qg3 35.Qxg3 Rxg3 36.Rxh5 Bxc5
37.a5 Rc3 38.Nb6 Bxb6 39.axb6 Rb3 40.Kh2 Rxb6 41.g4 Rb4 42.g5 fxg5 43.Rxg5 Rxe4
44.Kg3 d5 45.h4 d4 46.h5 d3  0-1

[Event "16th HIT Open"]
[Site "Nova Gorica SLO"]
[Date "2011.01.30"]
[Round "4"]
[White "Ceschia,I"]
[Black "Markus,Rob"]
[Result "0-1"]
[WhiteElo "2242"]
[BlackElo "2617"]

1.e4 c5 2.Nf3 e6 3.d4 cxd4 4.Nxd4 a6 5.Bd3 Bc5 6.Nb3 Be7 7.Qg4 g6 8.Qe2 d6
9.a4 Nd7 10.Na3 Ne5 11.Nc4 Nxc4 12.Bxc4 Qc7 13.Bd3 Nf6 14.Bh6 e5 15.O-O Ng4
16.Bd2 O-O 17.f3 Nf6 18.Ba5 Qc6 19.c4 Be6 20.Kh1 Rac8 21.Bc3 Nh5 22.g3 Bg5
23.Nd2 Rfd8 24.b3 Qc5 25.Rfd1 a5 26.Bb2 Qb6 27.Bc2 Ng7 28.Nb1 Bxc4 29.bxc4 Qxb2
30.Na3 Ne6 31.Rdb1 Qc3 32.Qd3 Bd2 33.Rd1 Nd4 34.Qxd2 Qxf3+ 35.Qg2 Qxg2+ 36.Kxg2 Nxc2
37.Nxc2 Rxc4 38.Ne3 Rxe4 39.Rd3 Kg7  0-1

[Event "16th HIT Open"]
[Site "Nova Gorica SLO"]
[Date "2011.01.30"]
[Round "5"]
[White "Kolar,Sr"]
[Black "Kolaric,S"]
[Result "0-1"]
[WhiteElo "2157"]
[BlackElo "2049"]

1.e4 c5 2.Nf3 e6 3.d4 cxd4 4.Nxd4 a6 5.Bd3 Nf6 6.O-O Qc7 7.Qe2 d6 8.Kh1 Be7
9.f4 Nbd7 10.b3 b6 11.Bb2 Bb7 12.Nd2 g6 13.N4f3 O-O 14.e5 Nh5 15.Qe3 d5 16.f5 exf5
17.Qh6 Ng7 18.e6 Nxe6 19.Rae1 Bf6 20.Bxf6 Nxf6 21.Bxf5 Qf4 22.Qxf4 Nxf4 23.Nd4 Nxg2
24.Re7 Ne3 25.Rxe3 gxf5 26.Rxf5 Ne4 27.Nxe4 dxe4 28.Rf6 b5 29.Nf5 Rad8 30.Rg3+ Kh8
31.Nd6 Rd7 32.Kg1 Bd5 33.Kf2 Rg8 34.c4 Rxg3 35.hxg3 Kg7 36.Ne8+ Kf8 37.cxd5 Kxe8
38.Rxa6 Rxd5 39.Ke3 f5 40.Kf4 Kf7 41.g4 fxg4 42.Kxg4 e3 43.Kf3 Re5 44.Ke2 h5
45.a4 bxa4 46.Rxa4 Kg6 47.Ra2 Kf5 48.Kf3 h4 49.Re2 h3 50.b4 Kg5 51.Kg3 Kf5
52.Kf3 Ke6 53.Kg3 Kd5 54.b5 Kd4 55.b6 Rb5 56.Ra2 Rxb6 57.Kxh3 Rg6 58.Ra4+ Kd3
59.Ra3+ Ke2  0-1

[Event "Gibraltar Masters"]
[Site "Caleta ENG"]
[Date "2011.02.01"]
[Round "8.21"]
[White "Kosintseva,N"]
[Black "Mullon,J"]
[Result "1-0"]
[WhiteElo "2552"]
[BlackElo "2420"]

1.e4 c5 2.Nf3 e6 3.d4 cxd4 4.Nxd4 a6 5.Bd3 Bc5 6.Nb3 Be7 7.Qg4 g6 8.Qe2 d6
9.O-O Nd7 10.a4 b6 11.Na3 Qc7 12.Nc4 Ngf6 13.Bh6 Bf8 14.Qd2 Bxh6 15.Qxh6 Bb7
16.Rfe1 Rd8 17.Rad1 Ke7 18.Qh4 g5 19.Qxg5 Rhg8 20.Qd2 Ng4 21.h3 Nge5 22.Nxe5 Nxe5
23.Kh1 Rg6 24.Bf1 Nc4 25.Qc3 Rc8 26.Nd4 Ne5 27.Qxc7+ Rxc7 28.f4 Nc4 29.b3 Na5
30.Nf5+ Kf8 31.Nxd6 Ba8 32.Rd2 Rg3 33.Bxa6 Bc6 34.Kh2 Rg8 35.Nc4  1-0

[Event "33rd Bulgarian Open"]
[Site "Plovdiv BUL"]
[Date "2011.02.01"]
[Round "3.4"]
[White "Nikolova,A"]
[Black "Nikolov,Mo"]
[Result "1/2-1/2"]
[WhiteElo "2311"]
[BlackElo "2577"]

1.e4 c5 2.Nf3 e6 3.d4 cxd4 4.Nxd4 a6 5.Bd3 Nf6 6.O-O Qc7 7.Qe2 d6 8.c4 g6
9.Nc3 Bg7 10.Nf3 O-O 11.Bf4 Nfd7 12.Rac1 Ne5 13.Nxe5 Bxe5 14.Bh6 Bg7 15.Bxg7 Kxg7
16.f4 Nd7 17.Kh1 b6 18.f5 Bb7 19.Qf2 Nf6 20.Qh4 Qc5 21.Rf3 h6 22.Rh3 Rh8
23.e5 Qxe5 24.fxg6 Qg5 25.Qxg5 hxg5 26.Rg3 Nh5 27.Re3 Nf4 28.gxf7 Nxg2 29.Rg3 Nf4+
30.Be4 Bxe4+ 31.Nxe4 Kxf7 32.Rxg5 Rxh2+ 33.Kxh2 Rh8+ 34.Kg3 Ne2+ 35.Kg4 Nxc1
36.Nxd6+ Ke7 37.Ne4 Rf8 38.Rg7+ Rf7 39.Rxf7+ Kxf7 40.c5 b5 41.a3 Nb3 42.Kf4 Ke7
43.c6 Kd8 44.Ke5 Kc7 45.Kxe6 Kxc6 46.Ke5 a5 47.Nf2 Kc5 48.Ne4+ Kc4 49.Nd6+ Kc5
50.Ne4+ Kc6 51.Nf2 Nd2 52.Kd4 Nc4  1/2-1/2

[Event "Moscow Open D University Women"]
[Site "Moscow RUS"]
[Date "2011.02.05"]
[Round "8.6"]
[White "Imeeva,A"]
[Black "Chukhlantseva,A"]
[Result "1/2-1/2"]
[WhiteElo "2043"]
[BlackElo "1942"]

1.e4 c5 2.Nf3 e6 3.d4 cxd4 4.Nxd4 a6 5.Bd3 Qc7 6.O-O Nf6 7.Nc3 b5 8.a3 Bb7
9.Kh1 b4 10.axb4 Bxb4 11.Nde2 O-O 12.Bd2 Bc5 13.Ng3 d6 14.f4 Nbd7 15.Qe2 a5
16.Rae1 Rfb8 17.e5 Ne8 18.Qh5 g6 19.Qe2 Bc6 20.b3 Bb4 21.exd6 Nxd6 22.Nce4 Bxd2
23.Qxd2 Nxe4 24.Nxe4 Rd8 25.Qe3 Qa7 26.Qh3 Qd4 27.Ng5 Nf8 28.Qh4 a4 29.bxa4 Rxa4
30.Ne4 Rda8 31.h3 Ra1 32.Kh2 Rxe1 33.Qxe1 Nd7 34.Ng5 Nc5 35.Qh4 Qg7 36.Bc4 Ne4
37.Nf3 Nd6 38.Bb3 Nf5 39.Qf2 Qc3 40.Ne5 Ba4 41.Qf3 Qxf3 42.Nxf3 Bxb3 43.cxb3 Ra2
44.Rb1 Ne3 45.Ne1 Nf1+ 46.Kg1 Nd2 47.Rd1 Nxb3 48.Nf3 Ra1 49.Rxa1 Nxa1 50.Nd4 f6
51.Nxe6 Nc2  1/2-1/2

[Event "Moscow Open E"]
[Site "Moscow RUS"]
[Date "2011.02.05"]
[Round "8"]
[White "Kokarev,Dm"]
[Black "Stukopin,A"]
[Result "1/2-1/2"]
[WhiteElo "2583"]
[BlackElo "2462"]

1.e4 c5 2.Nf3 e6 3.d4 cxd4 4.Nxd4 a6 5.Bd3 Bc5 6.Nb3 Be7 7.Qg4 g6 8.Qe2 d6
9.O-O Nd7 10.Nc3 Qc7 11.Kh1 b6 12.a4 Bb7 13.h3 h5 14.Be3 g5 15.Bd4 Bf6 16.Rad1 Be5
17.Bxe5 Nxe5 18.f4 gxf4 19.Rxf4 h4 20.Rdf1 Ne7 21.Rf6 N7c6 22.Nd2 Nd4 23.Qf2 Qc5
24.Rxf7 O-O-O 25.Rf6 Rhg8 26.Qxh4 Nf5 27.R6xf5 exf5 28.Rxf5 Rdf8 29.Nb3 Qb4
30.Rxf8+ Rxf8 31.Qe7 Rh8 32.Be2 Bxe4 33.Qa7 Bb7 34.Bxa6 Rxh3+ 35.Kg1 Rh1+
36.Kxh1 Qh4+ 37.Kg1 Qe1+ 38.Kh2 Qh4+ 39.Kg1 Qe1+ 40.Kh2 Ng4+ 41.Kh3 Nf2+
42.Kh2 Ng4+  1/2-1/2

[Event "TCh-SWE Elitserien 2010-11"]
[Site "Sweden SWE"]
[Date "2011.02.05"]
[Round "7"]
[White "Lindberg,H"]
[Black "Cramling,D"]
[Result "0-1"]
[WhiteElo "2233"]
[BlackElo "2403"]

1.e4 c5 2.Nf3 e6 3.d4 cxd4 4.Nxd4 a6 5.Bd3 Bc5 6.Nb3 Be7 7.Qg4 g6 8.Nc3 d6
9.Qe2 Nd7 10.O-O Qc7 11.Bd2 b6 12.Rae1 Bb7 13.Kh1 h5 14.Nd4 h4 15.h3 Ngf6
16.Nf3 Ne5 17.Nxe5 dxe5 18.Rc1 Nh5 19.Rfe1 Kf8 20.Qg4 Kg7 21.Ne2 Raf8 22.Bc3 b5
23.f4 f5 24.exf5 exf5 25.Qxh5 Bf6 26.fxe5 gxh5 27.exf6+ Kf7 28.Nd4 Bxg2+
29.Kxg2 Rhg8+ 30.Kf2 Qh2+ 31.Ke3 Re8+  0-1

[Event "TCh-SWE Elitserien 2010-11"]
[Site "Sweden SWE"]
[Date "2011.02.05"]
[Round "7"]
[White "Karlsson,T"]
[Black "Blomqvist,E"]
[Result "0-1"]
[WhiteElo "2242"]
[BlackElo "2449"]

1.e4 c5 2.Nf3 e6 3.d4 cxd4 4.Nxd4 a6 5.Bd3 Bc5 6.Nb3 Be7 7.O-O d6 8.c4 Nf6
9.Nc3 b6 10.Qe2 Bb7 11.Be3 O-O 12.Rfd1 Qc7 13.Rac1 Nbd7 14.f4 Rfe8 15.Kh1 Bf8
16.Bg1 g6 17.Rf1 Bg7 18.Nd2 Rad8 19.Qf2 Nh5 20.Be2 Nhf6 21.Bd3 Rb8 22.Qh4 Qd8
23.Be3 Qe7 24.Be2 Ba8 25.Qg3 Nc5 26.Bf3 Nfd7 27.Rc2 Nd3 28.Ndb1 Rec8 29.Rd2 N3c5
30.Rfd1 Nf6 31.Qh4 Qc7 32.Rxd6 Ncxe4 33.Nxe4 Bxe4 34.Bxe4 Nxe4 35.Rd7 Qxc4
36.Qe7 Rf8 37.Nd2 Nxd2 38.R7xd2 Qxa2 39.Qa7 Qa5 40.b3 Qb5 41.Rd6 Qxb3 42.Bxb6 Ra8
43.Qc7 Rfc8 44.Rd8+ Bf8 45.Qd7 Rxd8 46.Bxd8 a5 47.h3 a4 48.Bf6 a3 49.Qd4 Qa4
50.Qd2 Bg7 51.Bxg7 Kxg7  0-1

[Event "75th ch-BUL Semi-Final"]
[Site "Plovdiv BUL"]
[Date "2011.02.08"]
[Round "3"]
[White "Nikolov,Sas"]
[Black "Panajotov,J"]
[Result "1-0"]
[WhiteElo "2440"]
[BlackElo "2243"]

1.e4 c5 2.Nf3 e6 3.d4 cxd4 4.Nxd4 a6 5.Bd3 Nf6 6.O-O Qc7 7.c4 d6 8.Nc3 Nbd7
9.b3 b5 10.Bb2 b4 11.Na4 Be7 12.f4 O-O 13.Qe2 Re8 14.Rae1 e5 15.Nf5 Bf8 16.g4 g6
17.Ne3 exf4 18.Rxf4 Bg7 19.Ref1 Qd8 20.Qf3 Re5 21.Nd5 Nxd5 22.exd5 f6 23.Bxe5 Nxe5
24.Qg3 Bd7 25.Be2 Qa5 26.Rxf6 Bxf6 27.Rxf6 Bxa4 28.bxa4 Rf8 29.Rxf8+ Kxf8
30.Qf2+ Nf7 31.c5 Qxc5 32.Qxc5 dxc5 33.Bxa6 Ke7 34.a5 Kd6 35.Kf2 Ne5 36.Bb7 Kc7
37.a6 Nc4 38.Kf3 Nd6 39.Bc6 Kb6 40.Kf4 Kxa6 41.Ke5 Nc4+ 42.Ke6 Kb6 43.d6  1-0

[Event "1st Open"]
[Site "Cento ITA"]
[Date "2011.02.09"]
[Round "5"]
[White "Umudova,N"]
[Black "Vezzelli,F"]
[Result "1/2-1/2"]
[WhiteElo "2246"]
[BlackElo "1905"]

1.e4 c5 2.Nf3 e6 3.d4 cxd4 4.Nxd4 a6 5.Bd3 Bc5 6.Nb3 Be7 7.O-O d6 8.Nc3 Nf6
9.f4 Nbd7 10.a4 b6 11.Qe1 Qc7 12.Kh1 Bb7 13.Be3 O-O 14.Qg3 Rfd8 15.Rae1 Rac8
16.Bg1 Nf8 17.Bd4 Ne8 18.f5 e5 19.Be3 Kh8 20.Nd2 Nf6 21.Bc4 d5 22.exd5 Nxd5
23.Nxd5 Bxd5 24.Bxa6 Ra8 25.Bb5 f6 26.c3 Nd7 27.Qf2 Rdb8 28.Qe2 Nc5 29.Ra1 Nb7
30.Nc4 Bc5 31.Bxc5 Nxc5 32.Nd2 Qb7 33.b4 Ne4 34.Nxe4 Bxe4 35.Rad1 Rd8 36.Rde1 Bc6
37.Rf2 Rd5 38.h3 Bxb5 39.axb5 Qd7 40.c4 Rd4 41.Rc1 h6 42.c5 Rxb4 43.c6 Qd5
44.c7 Rc8 45.Qa2 Rd4 46.Qa6 Rd1+ 47.Kh2 Rxc1 48.Qxc8+ Kh7 49.Qe8 Rxc7 50.Qg6+ Kh8
51.Rd2 Qg8 52.Rd6 Rb7 53.Re6 Rb8 54.Kg3 Qf8 55.Kh2 Qd8 56.Qf7 Kh7 57.Re7 Qf8
58.Qg6+ Kg8 59.Re6 Qf7 60.Qg3 Kf8 61.Qa3+ Kg8 62.Qd6 Qf8 63.Qc7 Qd8 64.Qa7 Ra8
65.Qb7 Qb8 66.Rxb6 Qxb7 67.Rxb7 h5 68.Kg3 Kh7 69.Kh4 Kh6 70.Rb6 Ra4+ 71.g4 hxg4
72.hxg4 Rb4 73.Rb8 g6 74.fxg6 Kxg6 75.Kg3 Rb3+ 76.Kf2 Kg5 77.Rb6 f5 78.gxf5 Kxf5
79.Rb8 Ke4 80.b6 Rb2+ 81.Ke1 Ke3 82.Kf1 e4 83.Ra8 Rxb6 84.Ra3+ Kf4 85.Rc3 Rd6
86.Ke2 Rb6 87.Ra3 Rb2+ 88.Ke1 Rh2 89.Rb3 Rh1+ 90.Ke2 Rh2+ 91.Ke1 Rh1+ 92.Ke2 Rh2+
93.Ke1  1/2-1/2

[Event "TCh-FIN 2010-11"]
[Site "Helsinki FIN"]
[Date "2011.02.12"]
[Round "6.4"]
[White "Luukkonen,T"]
[Black "Kauko,J"]
[Result "1-0"]
[WhiteElo "2298"]
[BlackElo "2298"]

1.e4 c5 2.Nf3 e6 3.d4 cxd4 4.Nxd4 a6 5.Bd3 Bc5 6.Nb3 Be7 7.Qg4 g6 8.Qe2 Nc6
9.O-O d6 10.a4 Ne5 11.Rd1 Nf6 12.Bh6 Nfg4 13.Bg7 Rg8 14.Bxe5 Nxe5 15.Na3 Bd7
16.Nc4 Qc7 17.f4 Nxc4 18.Bxc4 Rc8 19.Nd2 Bf6 20.Bb3 Bxb2 21.Rab1 Bd4+ 22.Kh1 Bc6
23.Nf3 Bg7 24.Ng5 h6 25.Nxe6 fxe6 26.Qg4 Bd7 27.Bxe6 Ke7 28.Bxd7 Qxd7 29.Qxg6 Bf6
30.Qh7+ Rg7 31.Qxh6 Qc6 32.Rd2 Qxe4 33.Qh3 Rc3 34.Re2 Rxh3 35.Rxe4+ Kd7 36.gxh3 Kc6
37.Rc4+ Kd5 38.Rcb4 Rc7 39.Rxb7 Rxc2 40.Rd1+ Ke4 41.Rxd6 Bd4 42.Rb1 Be3 43.Re6+ Kf3
44.Rg6 Rf2 45.Rg3+  1-0

[Event "ch-TUR"]
[Site "Kemer-Antalya TUR"]
[Date "2011.02.12"]
[Round "9.12"]
[White "Haznedaroglu,K"]
[Black "Aydogdu,A"]
[Result "1-0"]
[WhiteElo "2456"]
[BlackElo "2062"]

1.e4 c5 2.Nf3 e6 3.d4 cxd4 4.Nxd4 a6 5.Bd3 Qc7 6.O-O Nf6 7.Qe2 d6 8.a4 b6
9.c4 Nc6 10.Nxc6 Qxc6 11.Nc3 Be7 12.Be3 Bb7 13.b4 O-O 14.a5 b5 15.Nxb5 axb5
16.cxb5 Qc3 17.a6 Rfb8 18.Rfc1 Qxb4 19.axb7 Rxa1 20.Rxa1 Rxb7 21.Qc2 Rb8
22.Qc7 Re8 23.b6 d5 24.e5 Ng4 25.b7 Nxe3 26.Rb1 Qd2 27.b8=Q Rxb8 28.Rxb8+  1-0

[Event "ch-TUR"]
[Site "Kemer-Antalya TUR"]
[Date "2011.02.13"]
[Round "10"]
[White "Erilli,N"]
[Black "Aslanhan,H"]
[Result "0-1"]
[WhiteElo "1916"]
[BlackElo "1760"]

1.e4 c5 2.Nf3 e6 3.d4 cxd4 4.Nxd4 a6 5.Bd3 Bc5 6.Nb3 Be7 7.Nc3 d6 8.Be3 Nd7
9.Qe2 b5 10.a3 Bb7 11.O-O Ngf6 12.Rad1 O-O 13.f4 Qc7 14.Kh1 Nc5 15.Bc1 Rad8
16.e5 dxe5 17.Nxc5 Bxc5 18.fxe5 Nd5 19.Ne4 Be7 20.Ng5 h6 21.Nh3 Nb6 22.Rde1 Rd4
23.Nf4 Bh4 24.Rd1 Kh8 25.Nxe6 Qd7 26.Nxd4 Qxd4 27.Rf4 Qd8 28.Be4 Nd5 29.Bxd5 Bxd5
30.Rxh4 Bxg2+ 31.Kxg2 Qxh4 32.Rf1 Kg8 33.h3 Rc8 34.c3 Qe7 35.Re1 Rc6 36.Qe4 Rg6+
37.Kh2 Qe6 38.Qa8+ Kh7 39.Qe4 Kg8 40.Qa8+ Kh7 41.Qe4 Kg8 42.Rd1 Qe7 43.Qd5 Kh7
44.Rf1 Qh4 45.Qxf7 Qg3+  0-1

[Event "G-TEAM Open"]
[Site "Novy Bor CZE"]
[Date "2011.02.15"]
[Round "4"]
[White "Mickiewicz,P"]
[Black "Vorobyov,Y"]
[Result "0-1"]
[WhiteElo "2344"]
[BlackElo "2203"]

1.e4 c5 2.Nf3 e6 3.d4 cxd4 4.Nxd4 a6 5.Bd3 Nf6 6.O-O Qc7 7.Qe2 d6 8.c4 g6
9.Nc3 Bg7 10.Rd1 O-O 11.Nf3 Nc6 12.h3 Nd7 13.Be3 Nde5 14.Rac1 Nxf3+ 15.Qxf3 Ne5
16.Qe2 b6 17.b3 Bb7 18.Bb1 Rfd8 19.Qd2 Bf8 20.Bg5 Be7 21.Bxe7 Qxe7 22.f4 Nc6
23.Qf2 g5 24.e5 dxe5 25.fxe5 Nxe5 26.Qxb6 g4 27.Qe3 Qf6 28.Ne4 Qg7 29.Rf1 Bxe4
30.Bxe4 Rab8 31.c5 f5 32.Bb1 gxh3 33.Qxh3 Rd2 34.c6 Rc8 35.Be4 Ng4 36.Bf3 Qd4+
37.Kh1 Nf2+ 38.Rxf2 Qxf2 39.Qh6 Kf7 40.Qg5 Qd4 41.Bh5+ Kf8 42.Qh6+ Ke7 43.Qxh7+ Kd6
44.Qd7+ Ke5 45.Re1+ Kf4 46.Qxc8 Kg3 47.Qb8+ Kf2 48.Bf3 Qh4+ 49.Qh2 Qxh2+
50.Kxh2 Kxe1 51.a3 Kf2 52.Kh3 e5 53.b4 e4 54.Bh5 Rc2 55.a4 Rxc6  0-1

[Event "ch-ROU Men"]
[Site "Sarata Monteoru ROU"]
[Date "2011.02.15"]
[Round "5.3"]
[White "Dragomirescu,R"]
[Black "Manolache,M"]
[Result "1-0"]
[WhiteElo "2403"]
[BlackElo "2544"]

1.e4 c5 2.Nf3 e6 3.d4 cxd4 4.Nxd4 a6 5.Bd3 Bc5 6.Nb3 Be7 7.Qg4 g6 8.Qe2 d6
9.O-O Nd7 10.Na3 Qc7 11.Nc4 Ngf6 12.Bh6 b5 13.Nca5 Ne5 14.f4 Nxd3 15.cxd3 Bd7
16.Rac1 Qb6+ 17.Kh1 Rc8 18.Rxc8+ Bxc8 19.f5 gxf5 20.exf5 Rg8 21.Be3 Qc7 22.Rc1 Qd7
23.fxe6 Qxe6 24.Qf3 d5 25.Rc6 Qf5 26.Nd4 Qxf3 27.Nxf3 Bf5 28.Rxa6 Ng4 29.Bd4 f6
30.h3 Ne5 31.Bxe5 fxe5 32.Ra8+ Kf7 33.Nxe5+ Kg7 34.Ra7 Kf6 35.Nac6 Bd6 36.Rf7+ Ke6
37.Nd4+ Kxe5 38.Nxf5 Bb4 39.Nh4 Rc8 40.Rxh7 Kd4 41.Rd7 Kxd3 42.Rxd5+ Ke4
43.Rxb5 Bd6 44.Kg1 Rc1+ 45.Kf2 Rc2+ 46.Ke1 Rc4 47.Nf3 Rc2 48.Nd2+ Ke3 49.Rb3+ Kd4
50.Kd1 Rc8 51.Rc3 Rg8 52.g4 Rf8 53.Kc2  1-0

[Event "16th Lienz-Open 2011"]
[Site "Lienz AUT"]
[Date "2011.02.16"]
[Round "6"]
[White "Csonka,A1"]
[Black "Burschowsky,M"]
[Result "1-0"]
[WhiteElo "2378"]
[BlackElo "2208"]

1.e4 c5 2.Nf3 e6 3.d4 cxd4 4.Nxd4 a6 5.Bd3 Nf6 6.O-O Qc7 7.Qe2 d6 8.c4 Be7
9.Nc3 Nc6 10.Nf3 O-O 11.Bd2 Nd7 12.Rae1 Nce5 13.Nxe5 Nxe5 14.f4 Nxd3 15.Qxd3 Bf6
16.Kh1 Bxc3 17.Bxc3 b5 18.cxb5 axb5 19.a3 Qb6 20.Rf3 f6 21.Rh3 h6 22.f5 Rf7
23.Qg3 Kf8 24.Bb4 e5 25.Rd1 Rd7 26.Qb3 Ra6 27.Rhd3 Qc7 28.Qd5 Rc6 29.h3 Rd8
30.Ba5  1-0

[Event "ch-POL"]
[Site "Warsaw POL"]
[Date "2011.02.16"]
[Round "5"]
[White "Macieja,B"]
[Black "Gajewski,G"]
[Result "1-0"]
[WhiteElo "2636"]
[BlackElo "2569"]

1.e4 c5 2.Nf3 e6 3.d4 cxd4 4.Nxd4 a6 5.Bd3 Bc5 6.Nb3 Be7 7.f4 d6 8.Be3 Nf6
9.N1d2 Nc6 10.g4 h6 11.h4 h5 12.g5 Ng4 13.Bg1 b5 14.a4 Bb7 15.axb5 axb5 16.Bxb5 O-O
17.Rh3 Rxa1 18.Qxa1 Nb4 19.Qa7 Qa8 20.Qxa8 Rxa8 21.Rc3 Bd8 22.Rc4 Na6 23.Ra4 g6
24.Ke2 e5 25.fxe5 Nxe5 26.Na5 Bxa5 27.Rxa5 Nc7 28.Rxa8+ Bxa8 29.Ba4 Ne6 30.b4 Kg7
31.Bb3 Nf4+ 32.Kf1 Ng4 33.c4 f6 34.Bd4 Ne6 35.gxf6+ Nxf6 36.Bc3 Kf7 37.e5 dxe5
38.Bxe5 Ng4 39.Bg3 Nd4 40.c5+ Nxb3 41.Nxb3 Ne3+ 42.Ke2 Nc2 43.Be1 Ke6 44.Bc3 Kd5
45.Kd3 Na3 46.Na5 Nb5 47.Nc4 Ke6 48.Be5 Bg2 49.Ne3 Bb7 50.Bb2 Nc7 51.Kd4 Bf3
52.Nf1 Nb5+ 53.Ke3 Bc6 54.Bc1 Nc3 55.Bd2 Ne4 56.Nh2 Nf6 57.Nf3 Be8 58.Kd4 Bb5
59.Ne5 Be8 60.c6 Ng4 61.Nxg4 hxg4 62.Kc5 g3 63.b5 g2 64.Be3  1-0

[Event "16th Lienz-Open 2011"]
[Site "Lienz AUT"]
[Date "2011.02.17"]
[Round "7"]
[White "Bernard,Ja"]
[Black "Zozulia,A"]
[Result "0-1"]
[WhiteElo "2225"]
[BlackElo "2347"]

1.e4 c5 2.Nf3 e6 3.d4 cxd4 4.Nxd4 a6 5.Bd3 Qc7 6.O-O Nf6 7.c4 Bc5 8.Nb3 Ba7
9.Qe2 d6 10.Be3 Bxe3 11.Qxe3 Nbd7 12.N1d2 b6 13.Rac1 Bb7 14.Nd4 O-O 15.Kh1 Rfe8
16.b4 Rac8 17.N2b3 Qb8 18.Rfe1 Ne5 19.Qg3 Nh5 20.Qe3 d5 21.Be2 Nxc4 22.Bxc4 dxc4
23.Nd2 b5 24.e5 f5 25.a4 Ba8 26.axb5 axb5 27.N2f3 Rcd8 28.Ra1 f4 29.Qc3 Qb6
30.Ra5 Bxf3 31.Nxf3  0-1

[Event "ch-ROU Men"]
[Site "Sarata Monteoru ROU"]
[Date "2011.02.18"]
[Round "9.34"]
[White "Tomici,S"]
[Black "Morea,G"]
[Result "1-0"]
[WhiteElo "2090"]
[BlackElo "1900"]

1.e4 c5 2.Nf3 e6 3.d4 cxd4 4.Nxd4 a6 5.Bd3 Nf6 6.O-O Qc7 7.Kh1 Be7 8.f4 d6
9.Nc3 b5 10.Qe2 e5 11.fxe5 dxe5 12.Nf5 Bxf5 13.Rxf5 Nbd7 14.Be3 Rd8 15.Raf1 O-O
16.a3 Nb6 17.Bxb6 Qxb6 18.Rxe5 Bd6 19.Rxf6 Qd4 20.Rxd6 Qxd6 21.Rd5 Qh6 22.Rxd8 Rxd8
23.g3 Re8 24.Kg2 Qc1 25.Nd1 Rd8 26.c3 f6 27.Ne3 Kf8 28.Kf2 g6 29.h4 Kg7 30.Qc2 Qa1
31.Nf1 Qa2 32.c4 Rc8 33.c5 Qe6 34.b4 Qe5 35.Ne3 Qd4 36.Ke2 a5 37.Nd5 axb4
38.axb4 Qg1 39.Qc3 Qg2+ 40.Kd1 Qg1+ 41.Kc2 Qf2+ 42.Kb3 Ra8 43.Bc2 Qf1 44.c6 Qc1
45.Qxf6+ Kh6 46.Qf4+  1-0